| 000 | 01276cam a2200325 4500 | ||
|---|---|---|---|
| 008 | 090401t1995 xxu||||| |||| 00| 0 eng d | ||
| 020 | _a1851842101 | ||
| 035 | _a(Sirsi) u26985 | ||
| 041 | _aeng | ||
| 050 | _a331.4690 | ||
| 100 | _aCourt, Gill | ||
| 245 | _aBalancing the building team: gender issues in the building professions. | ||
| 260 |
_aBrighton _bInstitute for Employment Studies _c1995 |
||
| 300 | _axiii,146p. ; 30cm. | ||
| 350 | _a40 | ||
| 490 |
_aInstitute for Employment Studies Report _v284 |
||
| 520 | _aInstitute for Employment Studies previously known as The Institute of Manpower Studies. This report investigates the representation of women in professional, managerial and technical occupations in the building industry. It includes an examination of the barriers to entry and progress within the industry as well as highlighting strategies for change. | ||
| 650 | _aBUILDING INDUSTRY | ||
| 650 | _aCONSTRUCTION INDUSTRY | ||
| 650 | _aCAREERS, EDUCATION AND TRAINING | ||
| 650 | _aEMPLOYMENT | ||
| 650 | _aEQUAL OPPORTUNITIES | ||
| 650 | _aLABOUR MARKET | ||
| 650 | _aWOMEN | ||
| 690 | _aBUILT ENVIRONMENT | ||
| 700 | _aMoralee, Janet | ||
| 710 |
_aInstitute for Employment Studies _92639 |
||
| 942 | _n0 | ||
| 948 | _c04/03/1997 | ||
| 999 |
_c89022 _d89022 |
||